Flags of Island Countries - Statistics

General Stats
  • This quiz has been taken 70 times
    57 since last reset
  • The average score is 41 of 47
Answer Stats
Picture Answer % Correct
Brunei
94%
Cyprus
94%
Japan
94%
Maldives
94%
Malta
94%
New Zealand
94%
Philippines
94%
Singapore
94%
Sri Lanka
94%
Taiwan
94%
United Kingdom
94%
Bahrain
91%
Barbados
91%
Cuba
91%
Dominica
91%
Iceland
91%
Ireland
91%
Jamaica
91%
Papua New Guinea
91%
Seychelles
91%
Cape Verde
89%
Grenada
89%
Saint Lucia
89%
Bahamas
86%
Kiribati
86%
Madagascar
86%
Mauritius
86%
Micronesia
86%
Palau
86%
Samoa
86%
Tonga
86%
Comoros
83%
Dominican Republic
83%
East Timor
83%
Fiji
83%
Haiti
83%
Indonesia
83%
São Tomé and Principe
83%
Antigua and Barbuda
80%
Marshall Islands
80%
Saint Vincent and the Grenadines
80%
Vanuatu
80%
Saint Kitts and Nevis
77%
Trinidad and Tobago
77%
Nauru
74%
Tuvalu
74%
Solomon Islands
66%
No matching quizzes found
Score Distribution
Percent of People with Each Score
Percentile by Number Answered
Your Score History
You have not taken this quiz since the last reset